000 00164nam a2200073Ia 4500
008 170620s9999 xx 000 0 und d
100 _aSiddiquee-
245 0 _aDISTANCE EDUCATION
260 _bAPH PU
999 _c26088
_d26088